En busca de Q: la fuente común de Mt y Lc
Guardat en:
| Autor principal: | |
|---|---|
| Format: | Llibre |
| Idioma: | espanyol |
| Publicat: |
Santiago
Congregación de los Sagrados Corazones
2002
|
| Matèries: | |
| Etiquetes: |
Afegir etiqueta
Sense etiquetes, Sigues el primer a etiquetar aquest registre!
|
MARC
| LEADER | 00000nam a2200000 a 4500 | ||
|---|---|---|---|
| 001 | UCM4282 | ||
| 003 | CL-VaPUC | ||
| 008 | 020814e20020600CL |||||||||||||||||spa|d | ||
| 082 | 0 | 4 | |a 226.1 |b VIL |2 21 |
| 100 | 0 | |a Villegas Mathieu, Beltrán |e author |9 470814 | |
| 245 | 1 | 0 | |a En busca de Q: la fuente común de Mt y Lc |
| 300 | |a 102 p | ||
| 942 | |c BK | ||
| 945 | |d 20020814 00:00:00 |a cmena | ||
| 260 | |a Santiago |b Congregación de los Sagrados Corazones |c 2002 | ||
| 650 | 0 | |a Evangelios |9 314864 | |
| 650 | 0 | |a Biblia |9 257603 | |
| 650 | 0 | |a Textos sagrados |9 257605 | |
| 650 | 0 | |a Crítica e interpretación |9 255042 | |
| 583 | |a last modification |c 20020814 00:00:00 |k Rodrigo Vera | ||
| 999 | |c 301069 |d 301067 | ||
| 952 | |0 0 |1 0 |4 0 |6 226_100000000000000_VIL_2002 |7 0 |8 A |9 359738 |a BIBTEO |b BIBTEO |d 2019-11-21 |i 3835952 |o 226.1 VIL 2002 |p 3835952 |r 2025-01-17 |w 2019-11-21 |y BK |k ICR | ||